000 00659nam a22001937a 4500
005 2010080409559.0
010 _aENG-98259
020 _a8177090119
_c20.00
035 _aEN-81792
037 _bDBAD/PUB
082 _a485
100 _aThakur, V.R
_96655
245 _aGolden easy english essays & letters /
_cby V.R. Thakur
260 _aNew Delhi
_bBharti Bhawan Publisher and Distributors
_c2007
270 _a4271/3, Ansari Road,Darya Ganj
_bNew Delhi
_e110002
300 _avii,106p.
_c20cm (pbk)
942 _2ddc
_cEN
_h485
_mTHA
999 _c39283
_d39283